header

The Philadelphia Mummers (Record no. 3986)

MARC details
000 -LEADER
fixed length control field 02001nam a2200385 a 4500
082 04 - DEWEY DECIMAL CLASSIFICATION NUMBER
Classification number 394/.50974811
100 1# - MAIN ENTRY--AUTHOR NAME
Personal name Masters, Patricia Anne,
245 14 - TITLE STATEMENT
Title The Philadelphia Mummers
260 ## - PUBLICATION, DISTRIBUTION, ETC. (IMPRINT)
Place of publication Philadelphia :
Name of publisher Temple University Press,
Year of publication 2007.
300 ## - PHYSICAL DESCRIPTION
Number of Pages xi, 232 p., [8] p. of plates :
Other physical details ill., map ;
505 0# - FORMATTED CONTENTS NOTE
Formatted contents note From play to play community : the early years of the Mummers parade -- Expanding the play community : the contemporary parade -- Blacks, women, and the "new" immigrants : the Mummers and diversity -- "Going up the street" : the experience of the parade -- Rituals and the play community -- Family, club, and neighborhood -- The experience of play -- The Mummers past and future.
650 #0 - SUBJECT ADDED ENTRY--TOPICAL TERM
Topical Term Parades
Topical Term New Year
856 40 - ELECTRONIC LOCATION AND ACCESS
Uniform Resource Identifier http://site.ebrary.com/lib/rucke/Doc?id=10279959

No items available.

© 2026 Rongo University
Contact us: librarian | system librarian | Rongo university